01760nam a22003017a 4500003000900000008004100009040007100050082002400121110003500145245003600180260008300216300004500299440006200344505068600406650002801092650002201120650002901142650004501171650003601216650001901252700003401271700002501305700001801330700002601348700002101374700001801395700004501413AR-CdUCM190425b ||||| |||| 00| 0 spa d aMUNICIPALIDAD PROVINCIAL DEL CUSCOcBIBLIOTECA MUNICIPAL DEL CUSCO aParlante/N°92/2007 aCentro Guamán Poma de Ayala  aParlante :bRevista del Cusco / aCusco :bCentro de Educación y Comunicación Guamán Poma de Ayala,c2007. a36 páginas. :bilustraciones ;c30 cm. aParlante revista del Cusco.nAño 22, N°92,agosto 2007. aContenido: Medios sin remedio. Juan Galiano Román. -- El primer año de Alan García mucho ruido y pocas nueces. Luis Nieto Degregori. -- La labor parlamentaria de Víctor Mayorga el intenso trabajo de comisiones. Luis Nieto Degregori. -- Asociatividad y mancomunidad municipal. Rene Huayta Diaz. -- Una nueva bacteria cusqueña de la enfermedad de Carrión. -- Humedal de Huacarpay el ultimo refugio. Adriana Peralta. -- Invalidad en el Centro Histórico. Omar Paredes Medina. -- Accesibilidad y movilidad en el Centro Histórico su majestad el automóvil. Enrique Estrada. -- Educación, cultura y deportes. -- Cusqueño destaco en concurso andino de estadística.  aActualidad y política aGobiernos locales aCentro Histórico Cusco aContaminación de la subcuenca Huatanay aEducación, cultura y deportes aMedio ambiente aCentro Guamán Poma de Ayala aParedes Medina, Omar aSerna, Marco aNieto Degregori, Luis aPeralta, Adriana aGaliano, Juan aGonzales García de Castro, Juan Carlos